| 000 | 00864cam a22002175a 4500 | ||
|---|---|---|---|
| 001 | AAY9024FW | ||
| 001 | ALM1508BB | ||
| 005 | 20171220114240.0 | ||
| 008 | 730904s1961 nyua frb f00110 enged | ||
| 040 |
_aDLC _cCSU _dm.c. _dSER _dEG-ScBUE _beng |
||
| 082 | 0 | 4 |
_a622.3382 _222 _bHIS |
| 110 | 2 | 0 |
_aAmerican Petroleum Institute. _bDivision of Production. |
| 245 | 1 | 0 |
_aHistory of petroleum engineering : _ba publication of the American Petroleum Institute / _csponsored by the Executive Committee on Drilling and Production Practice of the Institute's Division of Production. |
| 260 | 1 |
_aNew York : _bAmerican Petroleum Institute, _c1961. |
|
| 300 |
_aix, 1241 p. : _bill. ; _c26 cm. |
||
| 504 | _aIncludes bibliographical references and index. | ||
| 650 | 7 |
_aPetroleum engineering _xHistory. _2BUEsh |
|
| 651 | _2BUEsh | ||
| 653 |
_bGGEN _cDecember2017 |
||
| 942 | _2ddc | ||
| 999 |
_c25753 _d25725 |
||